• ҳ
  • ݽ
  • ֪ͨ
  • ݲؼ
  • Դ
  • ߵ
  • οѯ
  • ҵͼ
  • ¼
  • ڿϸʾ
  • ֿʾ
  • ϶ʾ
  • ƪĿϢʾ

ڿϢ

  • 表格格式
  • 工作单格式
  • 卡片格式
索取号 
/
题名 
作者 
分册号 
分册名 
出版地 
出版者 
标准刊号 
出版频率 
¿
中图法分类 
主题词 
电子资源 
000 00371nam0 2200181 450
001 2454622284
005 20241011151022.28
010    @a@b@d
100    @a20241011d km y0chiy0120 ea
101 0  @achi
200 1  @a@A@e@h@i@f@g
210    @a@c@d
215    @a@c@d20cm
310    @a
326    @a¿
690    @a@v4
801  0 @aCN@bNISOFT@c20241011@g
905    @a10447@d@e
    
    
    20cm
    
    
    
    
●
相关链接: 在易读查询期刊 在中国知网中查询期刊 在万方数据查询期刊 在维普查询期刊
ɽʦѧԺͼ 欢迎您!
大连网信软件有限公司© 版权所有